000 00499nam a22001697a 4500
005 20240830064347.0
008 240830b |||||||| |||| 00| 0 eng d
020 _a0409018953
041 _aEnglish
082 _a349 DIC
100 _lEnglish
245 _aDictionary of Legal Words and Phrases /
_cC.J Claassen
260 _aDurban:
_bButterworth and Company Ltd,
_c1978
300 _bv, 112 pages;
_c22 cm.
650 _aLegal practice
_bLaw
942 _cBK
_6ALISON_BN_VRIES
999 _c2957
_d2957